Goya a la Mejor Actriz Protagonista - Estadísticas

Estadísticas generales
  • Esta prueba ha sido intentada 379 veces
    112 desde el último reinicio
  • La puntuación promedio es 12 de 31
Estadísticas de respuestas
Actriz % Correcto
Penélope Cruz
94%
Carmen Maura
78%
Belén Cuesta
72%
Carolina Yuste
69%
Maribel Verdú
69%
Verónica Forqué
69%
Candela Peña
65%
Blanca Portillo
58%
Cecilia Roth
52%
Elena Anaya
49%
Emma Suárez
48%
Lola Dueñas
48%
Malena Alterio
45%
Laia Costa
42%
Natalia de Molina
38%
Susi Sánchez
37%
Victoria Abril
35%
Laia Marull
34%
Bárbara Lennie
32%
Patricia López Arnaiz
31%
Ariadna Gil
26%
Pilar López de Ayala
26%
Nathalie Poza
17%
Marian Álvarez
15%
Nora Navas
15%
Rafaela Aparicio
14%
Cristina Marcos
11%
Sílvia Munt
9%
Mercedes Sampietro
8%
Amparo Rivelles
6%
Carme Elías
6%
No se encontraron pruebas coincidentes
Distribución de puntuación
Porcentaje de gente con cada puntuación
Porcentaje por número respondido
Historial de tus puntuaciones
No has intentado esta prueba desde el último reinicio